[Event "Team Championship of Russia (rapid)"]
[Site "Sochi"]
[Date "2015.05.09"]
[Round "5.5"]
[White "Malakhov, Vladimir"]
[Black "Sjugirov, Sanan"]
[Result "1-0"]
[LiveChessVersion "1.4.4"]
[BlackElo "2721"]
[WhiteElo "2729"]
[BlackTeam "Zhiguli"]
[WhiteTeam "Malachite"]

1. Nf3 {[%clk 0:15:18]} Nf6 {[%clk 0:15:17]} 2. g3 {[%clk 0:15:25]} b5
{[%clk 0:15:25]} 3. Bg2 {[%clk 0:14:47]} Bb7 {[%clk 0:15:34]} 4. O-O
{[%clk 0:14:54]} e6 {[%clk 0:15:42]} 5. b3 {[%clk 0:14:42]} Be7 {[%clk 0:15:51]}
6. c4 {[%clk 0:14:48]} a6 {[%clk 0:14:42]} 7. Bb2 {[%clk 0:14:30]} O-O
{[%clk 0:14:42]} 8. Na3 {[%clk 0:13:56]} c6 {[%clk 0:08:27]} 9. d4
{[%clk 0:11:51]} d6 {[%clk 0:08:35]} 10. Nd2 {[%clk 0:09:17]} Ra7
{[%clk 0:06:53]} 11. e4 {[%clk 0:09:14]} Nbd7 {[%clk 0:06:42]} 12. Nc2
{[%clk 0:08:02]} e5 {[%clk 0:06:29]} 13. Re1 {[%clk 0:06:31]} Re8
{[%clk 0:06:11]} 14. a4 {[%clk 0:06:14]} Ra8 {[%clk 0:04:37]} 15. b4
{[%clk 0:04:30]} exd4 {[%clk 0:02:34]} 16. Bxd4 {[%clk 0:04:13]} Ne5
{[%clk 0:02:07]} 17. Qe2 {[%clk 0:03:48]} Nxc4 {[%clk 0:01:17]} 18. Nxc4
{[%clk 0:03:56]} bxc4 {[%clk 0:01:26]} 19. Qxc4 {[%clk 0:03:59]} d5
{[%clk 0:01:26]} 20. exd5 {[%clk 0:03:34]} cxd5 {[%clk 0:01:36]} 21. Qb3
{[%clk 0:03:42]} Ne4 {[%clk 0:01:41]} 22. Ne3 {[%clk 0:03:34]} Bf8
{[%clk 0:01:26]} 23. b5 {[%clk 0:03:02]} axb5 {[%clk 0:01:30]} 24. axb5
{[%clk 0:03:11]} Nc5 {[%clk 0:00:30]} 25. Qc3 {[%clk 0:02:07]} Ne6
{[%clk 0:00:34]} 26. Rxa8 {[%clk 0:01:58]} Qxa8 {[%clk 0:00:35]} 27. Rd1
{[%clk 0:02:05]} Rc8 {[%clk 0:00:40]} 28. Qd3 {[%clk 0:02:06]} Qa4
{[%clk 0:00:36]} 29. Bb2 {[%clk 0:01:20]} Nc5 {[%clk 0:00:17]} 30. Qe2
{[%clk 0:01:28]} Rb8 {[%clk 0:00:17]} 31. h4 {[%clk 0:01:18]} Qb3
{[%clk 0:00:16]} 32. Bd4 {[%clk 0:00:54]} Ne6 {[%clk 0:00:25]} 33. Be5
{[%clk 0:01:02]} Rd8 {[%clk 0:00:28]} 34. Nf5 {[%clk 0:01:03]} Ra8
{[%clk 0:00:16]} 35. Nd4 {[%clk 0:00:40]} Nxd4 {[%clk 0:00:24]} 36. Bxd4
{[%clk 0:00:49]} Ra2 {[%clk 0:00:27]} 37. Qd3 {[%clk 0:00:56]} Qb4
{[%clk 0:00:26]} 38. Rb1 {[%clk 0:01:01]} Qa4 {[%clk 0:00:15]} 39. Be3
{[%clk 0:01:02]} Ra3 {[%clk 0:00:15]} 40. Qd4 {[%clk 0:00:53]} Qc2
{[%clk 0:00:20]} 41. Rc1 {[%clk 0:00:57]} Qb3 {[%clk 0:00:21]} 42. Rc7
{[%clk 0:00:31]} Qxb5 {[%clk 0:00:26]} 43. Qf4 {[%clk 0:00:38]} f6
{[%clk 0:00:29]} 44. Qf5 {[%clk 0:00:47]} Ra1+ {[%clk 0:00:17]} 45. Kh2
{[%clk 0:00:56]} Qb1 {[%clk 0:00:19]} 46. Qe6+ Kh8 47. Qf7 {[%clk 0:00:51]} Qg1+
{[%clk 0:00:15]} 48. Kh3 {[%clk 0:01:00]} 1-0

[Event "Team Championship of Russia (rapid)"]
[Site "Sochi"]
[Date "2015.05.09"]
[Round "5.6"]
[White "Bukavshin, Ivan"]
[Black "Lysyj, Igor"]
[Result "1/2-1/2"]
[LiveChessVersion "1.4.4"]
[BlackElo "2647"]
[WhiteElo "2667"]
[BlackTeam "Malachite"]
[WhiteTeam "Zhiguli"]

1. Nf3 {[%clk 0:15:17]} Nf6 {[%clk 0:15:18]} 2. b3 {[%clk 0:15:21]} e6
{[%clk 0:15:15]} 3. Bb2 {[%clk 0:15:24]} b6 {[%clk 0:15:22]} 4. g3
{[%clk 0:14:54]} Bb7 {[%clk 0:15:30]} 5. Bg2 {[%clk 0:15:01]} Be7
{[%clk 0:15:36]} 6. O-O {[%clk 0:15:03]} O-O {[%clk 0:15:37]} 7. c4
{[%clk 0:14:45]} d5 {[%clk 0:15:20]} 8. e3 {[%clk 0:14:33]} c5 {[%clk 0:15:28]}
9. Nc3 {[%clk 0:14:24]} dxc4 {[%clk 0:15:03]} 10. bxc4 {[%clk 0:14:32]} Nc6
{[%clk 0:15:12]} 11. Qe2 {[%clk 0:13:59]} a6 {[%clk 0:15:20]} 12. d3
{[%clk 0:13:13]} Qc7 {[%clk 0:15:22]} 13. Rfd1 {[%clk 0:12:45]} Rfd8
{[%clk 0:14:54]} 14. Rab1 {[%clk 0:12:17]} Rab8 {[%clk 0:14:07]} 15. Ba1
{[%clk 0:11:27]} Ba8 {[%clk 0:13:07]} 16. Ne1 {[%clk 0:10:34]} Na7
{[%clk 0:12:16]} 17. Bxa8 {[%clk 0:10:27]} Rxa8 {[%clk 0:12:25]} 18. g4
{[%clk 0:10:09]} Rab8 {[%clk 0:11:08]} 19. g5 {[%clk 0:10:01]} Ne8
{[%clk 0:11:16]} 20. h4 {[%clk 0:08:45]} b5 {[%clk 0:10:57]} 21. Qg4
{[%clk 0:07:49]} bxc4 {[%clk 0:08:35]} 22. Rxb8 {[%clk 0:06:58]} Qxb8
{[%clk 0:07:13]} 23. Qxc4 {[%clk 0:06:15]} Nb5 {[%clk 0:04:26]} 24. Ne4
{[%clk 0:04:03]} Nbd6 {[%clk 0:02:56]} 25. Qxc5 {[%clk 0:03:00]} Nf5
{[%clk 0:03:00]} 26. Qc4 {[%clk 0:02:51]} Nxh4 {[%clk 0:02:25]} 27. Qxa6
{[%clk 0:02:51]} Nd6 {[%clk 0:02:09]} 28. Be5 {[%clk 0:01:54]} Ng6
{[%clk 0:01:51]} 29. Bg3 {[%clk 0:01:18]} e5 {[%clk 0:01:45]} 30. Nxd6
{[%clk 0:00:37]} Rxd6 {[%clk 0:01:53]} 31. Qc4 {[%clk 0:00:30]} Bxg5
{[%clk 0:01:47]} 32. Nf3 {[%clk 0:00:38]} Bf6 {[%clk 0:01:47]} 33. a4
{[%clk 0:00:22]} h5 {[%clk 0:01:06]} 34. Rc1 {[%clk 0:00:17]} Qa8
{[%clk 0:00:47]} 35. Qc8+ {[%clk 0:00:16]} Rd8 {[%clk 0:00:36]} 36. Qxa8
{[%clk 0:00:16]} Rxa8 {[%clk 0:00:46]} 37. Rc5 {[%clk 0:00:17]} Rxa4
{[%clk 0:00:37]} 38. Bxe5 {[%clk 0:00:17]} Nxe5 {[%clk 0:00:40]} 39. Nxe5
{[%clk 0:00:26]} Bxe5 {[%clk 0:00:48]} 40. Rxe5 {[%clk 0:00:33]} g6
{[%clk 0:00:57]} 1/2-1/2

[Event "Team Championship of Russia (rapid)"]
[Site "Sochi"]
[Date "2015.05.09"]
[Round "5.7"]
[White "Riazantsev, Alexander"]
[Black "Frolyanov, Dmitry"]
[Result "1-0"]
[LiveChessVersion "1.4.4"]
[BlackElo "2614"]
[WhiteElo "2605"]
[WhiteTeam "Malachite"]

1. d4 {[%clk 0:15:19]} d5 {[%clk 0:15:18]} 2. c4 {[%clk 0:15:27]} e6
{[%clk 0:15:27]} 3. Nc3 {[%clk 0:15:36]} c6 {[%clk 0:15:36]} 4. e3
{[%clk 0:15:35]} Nf6 {[%clk 0:15:44]} 5. Bd3 {[%clk 0:15:42]} Nbd7
{[%clk 0:15:13]} 6. b3 {[%clk 0:15:51]} Bd6 {[%clk 0:14:58]} 7. f4
{[%clk 0:16:00]} b6 {[%clk 0:14:26]} 8. Nf3 {[%clk 0:16:07]} Bb7 {[%clk 0:14:29]}
9. O-O {[%clk 0:16:11]} O-O {[%clk 0:13:35]} 10. Bb2 {[%clk 0:16:20]} c5
{[%clk 0:13:26]} 11. cxd5 {[%clk 0:16:28]} cxd4 {[%clk 0:11:53]} 12. Nb5
{[%clk 0:13:00]} Nc5 {[%clk 0:11:01]} 13. dxe6 {[%clk 0:13:08]} Nxe6
{[%clk 0:09:11]} 14. Nxd6 {[%clk 0:11:54]} Qxd6 {[%clk 0:09:19]} 15. Nxd4
{[%clk 0:12:04]} Rad8 {[%clk 0:08:52]} 16. Qe2 {[%clk 0:11:51]} Rfe8
{[%clk 0:08:57]} 17. Rad1 {[%clk 0:10:13]} Nxd4 {[%clk 0:07:05]} 18. Bxd4
{[%clk 0:10:21]} Qe6 {[%clk 0:07:14]} 19. Bb5 {[%clk 0:06:13]} Bc6
{[%clk 0:06:37]} 20. Bxc6 {[%clk 0:04:57]} Qxc6 {[%clk 0:06:45]} 21. Bxf6
{[%clk 0:05:07]} Qxf6 {[%clk 0:06:50]} 22. Rxd8 {[%clk 0:05:16]} Rxd8
{[%clk 0:06:58]} 23. Rd1 {[%clk 0:05:25]} Re8 {[%clk 0:06:56]} 24. h3
{[%clk 0:04:19]} h6 {[%clk 0:07:04]} 25. Qd3 {[%clk 0:03:49]} Qb2
{[%clk 0:06:18]} 26. Rd2 {[%clk 0:03:48]} Qc1+ {[%clk 0:06:22]} 27. Kh2
{[%clk 0:03:57]} Qe1 {[%clk 0:05:49]} 28. Re2 {[%clk 0:03:58]} Qc1
{[%clk 0:05:33]} 29. Kg3 {[%clk 0:03:08]} Rc8 {[%clk 0:04:52]} 30. Qd2
{[%clk 0:02:59]} Qc7 {[%clk 0:04:51]} 31. Qd1 {[%clk 0:02:47]} Qc3
{[%clk 0:03:53]} 32. Kh2 {[%clk 0:02:51]} Re8 {[%clk 0:03:15]} 33. e4
{[%clk 0:02:51]} Qf6 {[%clk 0:03:06]} 34. Qd2 {[%clk 0:02:54]} g5
{[%clk 0:01:46]} 35. fxg5 {[%clk 0:02:12]} Qxg5 {[%clk 0:01:45]} 36. Qxg5+
{[%clk 0:01:44]} hxg5 37. Kg3 Kg7 {[%clk 0:01:57]} 38. Kf3 {[%clk 0:01:58]} Rc8
{[%clk 0:01:52]} 39. Rd2 {[%clk 0:02:07]} Rc3+ {[%clk 0:01:50]} 40. Kg4
{[%clk 0:02:15]} Re3 {[%clk 0:00:57]} 41. Kxg5 {[%clk 0:02:22]} Rxe4
{[%clk 0:01:05]} 42. Kf5 {[%clk 0:01:54]} Re3 {[%clk 0:01:14]} 43. h4
{[%clk 0:01:48]} a5 {[%clk 0:01:02]} 44. g4 {[%clk 0:01:41]} a4 {[%clk 0:01:10]}
45. bxa4 {[%clk 0:01:44]} Ra3 {[%clk 0:01:18]} 46. Rd4 {[%clk 0:01:53]} Rxa2
{[%clk 0:01:26]} 47. Rb4 {[%clk 0:02:03]} Rc2 {[%clk 0:01:17]} 48. Ke5
{[%clk 0:01:42]} Rh2 {[%clk 0:00:35]} 49. g5 {[%clk 0:01:10]} Rc2
{[%clk 0:00:25]} 50. Kd6 {[%clk 0:00:55]} Rc1 {[%clk 0:00:22]} 51. Rxb6
{[%clk 0:00:54]} Rc4 {[%clk 0:00:31]} 52. a5 {[%clk 0:01:03]} Rxh4
{[%clk 0:00:34]} 53. Kc7 {[%clk 0:00:57]} Rc4+ {[%clk 0:00:26]} 54. Rc6
{[%clk 0:00:57]} Ra4 {[%clk 0:00:28]} 55. a6 {[%clk 0:01:02]} 1-0

[Event "Team Championship of Russia (rapid)"]
[Site "Sochi"]
[Date "2015.05.09"]
[Round "5.8"]
[White "Predke, Alexandr"]
[Black "Motylev, Alexander"]
[Result "1/2-1/2"]
[LiveChessVersion "1.4.4"]
[BlackElo "2431"]
[WhiteElo "2566"]
[BlackTeam "Malachite"]
[WhiteTeam "Zhiguli"]

1. e4 {[%clk 0:15:15]} e5 {[%clk 0:15:18]} 2. Nf3 {[%clk 0:15:14]} Nc6
{[%clk 0:15:26]} 3. Bb5 {[%clk 0:15:03]} a6 {[%clk 0:15:33]} 4. Ba4
{[%clk 0:15:11]} Nf6 {[%clk 0:15:41]} 5. O-O {[%clk 0:15:14]} Be7
{[%clk 0:15:48]} 6. d3 {[%clk 0:14:51]} b5 {[%clk 0:15:46]} 7. Bb3
{[%clk 0:14:59]} d6 {[%clk 0:15:54]} 8. a3 {[%clk 0:15:02]} O-O {[%clk 0:15:55]}
9. Nc3 {[%clk 0:15:09]} Na5 {[%clk 0:15:48]} 10. Ba2 {[%clk 0:15:14]} Be6
{[%clk 0:15:56]} 11. Bg5 {[%clk 0:14:09]} Bxa2 {[%clk 0:15:50]} 12. Rxa2
{[%clk 0:14:18]} Nc6 {[%clk 0:15:31]} 13. a4 {[%clk 0:13:27]} b4 {[%clk 0:15:31]}
14. Bxf6 {[%clk 0:13:35]} Bxf6 {[%clk 0:15:31]} 15. Nd5 {[%clk 0:13:43]} g6
{[%clk 0:15:28]} 16. c3 {[%clk 0:13:16]} bxc3 {[%clk 0:15:11]} 17. bxc3
{[%clk 0:13:23]} Rb8 {[%clk 0:15:14]} 18. Qc2 {[%clk 0:12:56]} Bg7
{[%clk 0:15:11]} 19. Rb2 {[%clk 0:12:50]} Rc8 {[%clk 0:11:03]} 20. h3
{[%clk 0:09:37]} h6 {[%clk 0:10:21]} 21. Qb3 {[%clk 0:09:04]} Kh7
{[%clk 0:09:20]} 22. Qc4 {[%clk 0:08:42]} Na5 {[%clk 0:09:17]} 23. Qb4
{[%clk 0:08:05]} Nc6 {[%clk 0:09:18]} 24. Qc4 {[%clk 0:07:34]} Na5
{[%clk 0:09:21]} 25. Qb4 {[%clk 0:06:29]} Nc6 {[%clk 0:09:23]} 26. Qc4
{[%clk 0:05:22]} Na5 1/2-1/2

[Event "Team Championship of Russia (rapid)"]
[Site "Sochi"]
[Date "2015.05.09"]
[Round "5.9"]
[White "Kamsky, Gata"]
[Black "Chigaev, Maksim"]
[Result "1-0"]
[LiveChessVersion "1.4.4"]
[BlackElo "2562"]
[WhiteElo "2675"]
[WhiteTeam "Ladya"]

1. e4 {[%clk 0:15:17]} c6 {[%clk 0:15:15]} 2. d4 {[%clk 0:15:19]} d5
{[%clk 0:15:23]} 3. e5 {[%clk 0:15:27]} c5 {[%clk 0:15:31]} 4. dxc5
{[%clk 0:14:30]} Nc6 {[%clk 0:15:38]} 5. Bb5 {[%clk 0:13:53]} e6 {[%clk 0:15:42]}
6. Nf3 {[%clk 0:12:57]} Bxc5 {[%clk 0:14:05]} 7. O-O {[%clk 0:13:04]} Nge7
{[%clk 0:14:06]} 8. Nbd2 {[%clk 0:12:55]} Bd7 {[%clk 0:13:35]} 9. Nb3
{[%clk 0:12:58]} Bb6 {[%clk 0:13:42]} 10. Bd3 {[%clk 0:12:22]} Ng6
{[%clk 0:13:45]} 11. Re1 {[%clk 0:11:29]} O-O {[%clk 0:12:50]} 12. Be3
{[%clk 0:09:32]} Qc7 {[%clk 0:08:13]} 13. Bxb6 {[%clk 0:09:34]} axb6
{[%clk 0:08:16]} 14. Qe2 {[%clk 0:08:22]} Ra4 {[%clk 0:07:54]} 15. c3
{[%clk 0:07:50]} Rg4 {[%clk 0:06:42]} 16. Qe3 {[%clk 0:06:26]} Nf4
{[%clk 0:06:40]} 17. Bf1 {[%clk 0:06:32]} f6 {[%clk 0:06:09]} 18. g3
{[%clk 0:05:36]} Ng6 {[%clk 0:04:39]} 19. exf6 {[%clk 0:05:43]} Rxf6
{[%clk 0:04:00]} 20. Nbd2 {[%clk 0:05:17]} e5 {[%clk 0:02:35]} 21. h3
{[%clk 0:05:07]} Ra4 {[%clk 0:01:57]} 22. Bg2 {[%clk 0:03:34]} e4
{[%clk 0:01:58]} 23. Nh2 {[%clk 0:03:32]} Nce5 {[%clk 0:01:46]} 24. b3
{[%clk 0:03:34]} Ra8 {[%clk 0:01:47]} 25. c4 {[%clk 0:03:41]} Raf8
{[%clk 0:01:35]} 26. Rf1 {[%clk 0:03:37]} Nd3 {[%clk 0:00:52]} 27. cxd5
{[%clk 0:03:16]} Nxf2 {[%clk 0:00:41]} 28. h4 {[%clk 0:02:58]} Qe5
{[%clk 0:00:29]} 29. Nxe4 {[%clk 0:02:25]} Nxe4 {[%clk 0:00:25]} 30. Bxe4
{[%clk 0:02:32]} Rxf1+ {[%clk 0:00:25]} 31. Rxf1 {[%clk 0:02:39]} Re8
{[%clk 0:00:34]} 32. Qf2 {[%clk 0:02:07]} Qxe4 {[%clk 0:00:31]} 33. Qf7+
{[%clk 0:02:16]} Kh8 {[%clk 0:00:40]} 34. Qxd7 {[%clk 0:02:24]} h6
{[%clk 0:00:44]} 35. Nf3 {[%clk 0:02:00]} Rf8 {[%clk 0:00:23]} 36. Qe6
{[%clk 0:01:56]} Qd3 {[%clk 0:00:32]} 37. Kg2 {[%clk 0:01:55]} Rf6
{[%clk 0:00:30]} 38. Qc8+ {[%clk 0:01:50]} Rf8 {[%clk 0:00:15]} 39. Qc4
{[%clk 0:01:58]} Qe3 {[%clk 0:00:16]} 40. d6 {[%clk 0:01:55]} Rd8
{[%clk 0:00:14]} 41. Re1 {[%clk 0:01:40]} Qc5 {[%clk 0:00:17]} 42. Qxc5
{[%clk 0:01:36]} bxc5 {[%clk 0:00:25]} 43. Rd1 {[%clk 0:01:45]} Kg8
{[%clk 0:00:33]} 44. h5 {[%clk 0:01:50]} Nh8 {[%clk 0:00:42]} 45. Rd5
{[%clk 0:01:39]} Nf7 {[%clk 0:00:37]} 46. Rxc5 {[%clk 0:01:43]} Rxd6
{[%clk 0:00:46]} 47. Rc8+ {[%clk 0:01:46]} Kh7 {[%clk 0:00:48]} 48. Rc7
{[%clk 0:01:51]} Nd8 {[%clk 0:00:56]} 49. g4 {[%clk 0:01:50]} Rd5
{[%clk 0:00:37]} 50. Kg3 {[%clk 0:01:51]} b5 {[%clk 0:00:33]} 51. Rc8
{[%clk 0:01:54]} Rd3 {[%clk 0:00:21]} 52. Kf4 {[%clk 0:01:39]} Nf7
{[%clk 0:00:16]} 53. Rf8 {[%clk 0:01:34]} Rd7 {[%clk 0:00:15]} 54. Rb8
{[%clk 0:01:26]} Rd5 {[%clk 0:00:16]} 55. Ke4 {[%clk 0:01:28]} Rd7
{[%clk 0:00:23]} 56. Nd4 {[%clk 0:01:31]} Ng5+ {[%clk 0:00:18]} 57. Ke3
{[%clk 0:01:32]} Re7+ {[%clk 0:00:27]} 58. Kd3 {[%clk 0:01:32]} Rd7
{[%clk 0:00:35]} 59. Rxb5 {[%clk 0:01:32]} Nf3 {[%clk 0:00:44]} 60. Rb4
{[%clk 0:01:41]} Ne5+ {[%clk 0:00:53]} 61. Kc3 {[%clk 0:01:44]} Rc7+
{[%clk 0:00:56]} 62. Kd2 {[%clk 0:01:52]} Nxg4 {[%clk 0:01:04]} 63. Ne6
{[%clk 0:01:56]} Rd7+ {[%clk 0:00:40]} 64. Kc3 {[%clk 0:02:05]} Re7
{[%clk 0:00:49]} 65. Rxg4 {[%clk 0:02:08]} Rxe6 {[%clk 0:00:57]} 66. Rh4
{[%clk 0:02:14]} g5 {[%clk 0:00:56]} 67. hxg6+ {[%clk 0:02:23]} Kxg6
{[%clk 0:01:04]} 68. a4 {[%clk 0:02:30]} Kg5 {[%clk 0:01:13]} 69. Rh1
{[%clk 0:02:38]} h5 {[%clk 0:01:21]} 70. b4 {[%clk 0:02:37]} h4 {[%clk 0:01:27]}
71. b5 {[%clk 0:02:46]} Re4 {[%clk 0:01:16]} 72. a5 {[%clk 0:02:40]} Ra4
{[%clk 0:00:57]} 73. a6 {[%clk 0:02:48]} Kg4 {[%clk 0:00:51]} 74. Kb3
{[%clk 0:02:55]} Ra5 {[%clk 0:00:59]} 75. Kb4 {[%clk 0:02:40]} Ra2
{[%clk 0:01:08]} 76. Kc5 {[%clk 0:02:28]} h3 {[%clk 0:01:16]} 77. Kb6
{[%clk 0:02:36]} Kg3 {[%clk 0:01:17]} 78. a7 {[%clk 0:02:44]} 1-0

[Event "Team Championship of Russia (rapid)"]
[Site "Sochi"]
[Date "2015.05.09"]
[Round "5.10"]
[White "Levin, Evgeny A."]
[Black "Artemiev, Vladislav"]
[Result "0-1"]
[LiveChessVersion "1.4.4"]
[BlackElo "2562"]
[WhiteElo "2609"]
[BlackTeam "Ladya"]

1. d4 {[%clk 0:15:18]} Nf6 {[%clk 0:15:14]} 2. Nf3 {[%clk 0:15:26]} g6
{[%clk 0:15:20]} 3. Bg5 {[%clk 0:15:33]} Bg7 {[%clk 0:15:28]} 4. Nbd2
{[%clk 0:15:41]} c5 {[%clk 0:14:56]} 5. e3 {[%clk 0:15:20]} Qb6 {[%clk 0:15:02]}
6. Nc4 {[%clk 0:14:50]} Qc7 {[%clk 0:15:09]} 7. c3 {[%clk 0:14:28]} O-O
{[%clk 0:15:13]} 8. Be2 {[%clk 0:14:03]} b6 {[%clk 0:13:52]} 9. O-O
{[%clk 0:13:59]} Bb7 {[%clk 0:13:58]} 10. h3 {[%clk 0:13:02]} d6 {[%clk 0:14:01]}
11. a4 {[%clk 0:12:15]} Nbd7 {[%clk 0:13:51]} 12. Re1 {[%clk 0:09:35]} cxd4
{[%clk 0:11:15]} 13. cxd4 {[%clk 0:09:21]} Bxf3 {[%clk 0:10:02]} 14. gxf3
{[%clk 0:09:29]} Qb7 {[%clk 0:09:39]} 15. f4 {[%clk 0:08:23]} Rac8
{[%clk 0:09:44]} 16. Bf3 {[%clk 0:07:59]} Qb8 {[%clk 0:09:38]} 17. Rc1
{[%clk 0:07:13]} Rc7 {[%clk 0:08:48]} 18. Qd2 {[%clk 0:06:06]} a6
{[%clk 0:08:13]} 19. Na3 {[%clk 0:05:41]} Rfc8 {[%clk 0:06:54]} 20. Rxc7
{[%clk 0:05:49]} Qxc7 {[%clk 0:07:02]} 21. Qe2 {[%clk 0:05:55]} Nb8
{[%clk 0:06:28]} 22. Bxf6 {[%clk 0:04:24]} Bxf6 {[%clk 0:06:35]} 23. Rd1
{[%clk 0:03:53]} e6 {[%clk 0:06:00]} 24. Rd2 {[%clk 0:03:43]} d5 {[%clk 0:02:52]}
25. Rc2 {[%clk 0:03:51]} Qd7 {[%clk 0:02:57]} 26. Rxc8+ {[%clk 0:03:59]} Qxc8
{[%clk 0:03:06]} 27. Qc2 {[%clk 0:04:08]} Qb7 {[%clk 0:03:08]} 28. Be2
{[%clk 0:02:13]} Be7 {[%clk 0:02:55]} 29. Qc3 {[%clk 0:02:11]} Qd7
{[%clk 0:02:24]} 30. Qb3 {[%clk 0:02:09]} Qc7 {[%clk 0:01:37]} 31. Qc2
{[%clk 0:01:54]} Qd8 {[%clk 0:01:37]} 32. Nb1 {[%clk 0:01:22]} Bd6
{[%clk 0:01:28]} 33. Nd2 {[%clk 0:01:16]} Qd7 {[%clk 0:00:57]} 34. Qb3
{[%clk 0:00:51]} Qb7 {[%clk 0:00:56]} 35. Qc2 {[%clk 0:00:44]} Qd7
{[%clk 0:00:30]} 36. Qb3 {[%clk 0:00:51]} Qc7 {[%clk 0:00:39]} 37. Qc3
{[%clk 0:01:00]} Qd7 {[%clk 0:00:26]} 38. Qb3 {[%clk 0:01:09]} Qb7
{[%clk 0:00:36]} 39. Qc2 {[%clk 0:01:17]} Kg7 {[%clk 0:00:23]} 40. Kg2
{[%clk 0:01:23]} Qd7 {[%clk 0:00:23]} 41. Qb3 {[%clk 0:01:30]} Qb7
{[%clk 0:00:18]} 42. Qc2 {[%clk 0:01:37]} Nd7 {[%clk 0:00:19]} 43. Qd3
{[%clk 0:01:41]} a5 {[%clk 0:00:19]} 44. Qc2 {[%clk 0:01:41]} Nf6
{[%clk 0:00:23]} 45. Bb5 {[%clk 0:01:27]} Bb4 {[%clk 0:00:30]} 46. Nf3
{[%clk 0:01:23]} Ne4 {[%clk 0:00:39]} 47. Qc6 {[%clk 0:01:01]} Qxc6
{[%clk 0:00:39]} 48. Bxc6 {[%clk 0:01:10]} f6 {[%clk 0:00:30]} 49. Bb5
{[%clk 0:01:03]} Kf7 {[%clk 0:00:24]} 50. Kf1 {[%clk 0:01:04]} Ke7
{[%clk 0:00:27]} 51. Ke2 {[%clk 0:01:04]} Nd6 {[%clk 0:00:27]} 52. Bd3
{[%clk 0:01:09]} Kd7 {[%clk 0:00:31]} 53. b3 {[%clk 0:00:50]} Ke7
{[%clk 0:00:34]} 54. Nh2 {[%clk 0:00:44]} Bc3 {[%clk 0:00:25]} 55. Nf3
{[%clk 0:00:46]} Kf7 {[%clk 0:00:34]} 56. Nh2 {[%clk 0:00:46]} Kg7
{[%clk 0:00:26]} 57. Ng4 {[%clk 0:00:49]} h6 {[%clk 0:00:16]} 58. Nh2
{[%clk 0:00:50]} g5 {[%clk 0:00:20]} 59. fxg5 {[%clk 0:00:18]} hxg5
{[%clk 0:00:29]} 60. Kf3 {[%clk 0:00:21]} f5 {[%clk 0:00:31]} 61. Kg2
{[%clk 0:00:16]} Kf6 {[%clk 0:00:16]} 62. Nf3 {[%clk 0:00:25]} Nf7
{[%clk 0:00:24]} 63. Bb5 {[%clk 0:00:26]} Bb4 {[%clk 0:00:29]} 64. Bd3
{[%clk 0:00:29]} Bd6 {[%clk 0:00:35]} 65. Ba6 {[%clk 0:00:30]} Nh8
{[%clk 0:00:38]} 66. Bd3 {[%clk 0:00:33]} Ng6 {[%clk 0:00:48]} 67. Bb5
{[%clk 0:00:25]} Bc7 {[%clk 0:00:18]} 68. Bd3 {[%clk 0:00:29]} Bd8
{[%clk 0:00:17]} 69. Bb5 {[%clk 0:00:37]} Bc7 {[%clk 0:00:20]} 70. Bd3
{[%clk 0:00:46]} Nf8 {[%clk 0:00:16]} 71. Bb5 {[%clk 0:00:54]} Bd6
{[%clk 0:00:25]} 72. Kf1 {[%clk 0:01:02]} Ng6 {[%clk 0:00:15]} 73. Bd3
{[%clk 0:01:08]} Ne7 {[%clk 0:00:19]} 74. Bb5 {[%clk 0:01:12]} e5
{[%clk 0:00:21]} 75. dxe5+ {[%clk 0:01:15]} Bxe5 {[%clk 0:00:31]} 76. Bd7
{[%clk 0:01:02]} Bc3 {[%clk 0:00:31]} 77. Ke2 {[%clk 0:00:59]} Ng6
{[%clk 0:00:31]} 78. Bc6 {[%clk 0:01:00]} d4 {[%clk 0:00:23]} 79. Bd7
{[%clk 0:00:29]} dxe3 {[%clk 0:00:12]} 80. fxe3 {[%clk 0:00:37]} Bb2
{[%clk 0:00:14]} 81. Bc8 {[%clk 0:00:39]} Ne7 {[%clk 0:00:20]} 82. Bb7
{[%clk 0:00:41]} Ng6 {[%clk 0:00:19]} 83. Bc8 {[%clk 0:00:47]} Bc3
{[%clk 0:00:21]} 84. Kd3 {[%clk 0:00:53]} Bb4 {[%clk 0:00:23]} 85. Nd4
{[%clk 0:00:20]} Ne7 {[%clk 0:00:32]} 86. Bb7 {[%clk 0:00:28]} Bc5
{[%clk 0:00:41]} 87. Nf3 {[%clk 0:00:15]} Ng8 {[%clk 0:00:38]} 88. e4
{[%clk 0:00:18]} g4 {[%clk 0:00:13]} 89. e5+ {[%clk 0:00:21]} Kg6
{[%clk 0:00:19]} 90. hxg4 {[%clk 0:00:26]} fxg4 {[%clk 0:00:28]} 91. Be4+
{[%clk 0:00:24]} Kh5 {[%clk 0:00:32]} 92. Ne1 {[%clk 0:00:14]} Kg5
{[%clk 0:00:35]} 93. Ng2 {[%clk 0:00:17]} Ne7 {[%clk 0:00:26]} 94. Kc4
{[%clk 0:00:15]} g3 {[%clk 0:00:35]} 95. Kd3 {[%clk 0:00:21]} Ba3
{[%clk 0:00:38]} 96. Ne1 {[%clk 0:00:26]} Kf4 {[%clk 0:00:45]} 97. e6
{[%clk 0:00:32]} Ke5 {[%clk 0:00:54]} 98. Nf3+ {[%clk 0:00:29]} Kxe6
{[%clk 0:01:03]} 99. Nd4+ {[%clk 0:00:38]} Kf6 {[%clk 0:01:11]} 100. Ne2
{[%clk 0:00:17]} Bd6 {[%clk 0:01:19]} 101. Ke3 {[%clk 0:00:13]} Kg5
{[%clk 0:01:23]} 102. Kf3 {[%clk 0:00:19]} Nf5 {[%clk 0:01:32]} 103. Ng1
{[%clk 0:00:13]} Nd4+ {[%clk 0:01:36]} 104. Kg2 {[%clk 0:00:18]} Nxb3
{[%clk 0:01:43]} 105. Ne2 {[%clk 0:00:19]} Nc5 {[%clk 0:01:50]} 106. Bc6
{[%clk 0:00:27]} Kg4 {[%clk 0:01:43]} 107. Bf3+ {[%clk 0:00:25]} Kf5
{[%clk 0:01:52]} 108. Bc6 {[%clk 0:00:24]} Be5 {[%clk 0:01:38]} 109. Kf3
{[%clk 0:00:25]} Ke6 {[%clk 0:01:33]} 110. Ke3 {[%clk 0:00:32]} Kd6
{[%clk 0:01:35]} 111. Bb5 {[%clk 0:00:41]} Kd5 {[%clk 0:01:44]} 112. Kf3
{[%clk 0:00:25]} Nb3 {[%clk 0:01:35]} 113. Ke3 {[%clk 0:00:17]} Kc5
{[%clk 0:01:44]} 114. Ke4 {[%clk 0:00:23]} Bc7 {[%clk 0:01:50]} 115. Be8
{[%clk 0:00:13]} g2 {[%clk 0:01:47]} 116. Kf3 {[%clk 0:00:19]} Nd4+
{[%clk 0:01:56]} 0-1